|
|
|
|
| LEADER |
01062nam a22002657a 4500 |
| 001 |
AAL8256 |
| 003 |
BD-DhAAL |
| 005 |
20160423193650.0 |
| 008 |
160423m20091990bg ||||| b||| 00| 0 eng d |
| 020 |
|
|
|a 9847002201230
|
| 040 |
|
|
|a BD-DhAAL
|c BD-DhAAL
|
| 082 |
|
|
|a 305.4095492
|
| 100 |
|
|
|a Begum, Hasna
|9 19224
|
| 245 |
|
|
|a Women in the developing world :
|b thoughts and ideals /
|c Hasna Begum
|
| 260 |
|
|
|a Dhaka :
|b Sucheepatra,
|c 2009
|
| 300 |
|
|
|a 102 p. ;
|c 21 cm
|
| 504 |
|
|
|6 Includes bibliography
|
| 541 |
|
|
|e 8256
|
| 650 |
|
|
|a Women
|x Social conditions.
|z Bangladesh
|9 19225
|
| 650 |
|
|
|a Women's rights
|x Bangladesh.
|9 19226
|
| 852 |
|
|
|a Savar Campus Library
|c General Shelf
|
| 942 |
|
|
|2 ddc
|c BK
|
| 999 |
|
|
|c 37473
|d 37473
|
| 952 |
|
|
|0 0
|1 0
|2 ddc
|4 0
|6 305_409549200000000_BEG
|7 0
|9 58831
|a SCL
|b SCL
|c GEN
|d 2016-04-23
|g 162.00
|l 0
|o 305.4095492 BEG
|p 3020008256
|r 2016-04-23
|t 1
|w 2016-04-23
|y BK
|
| 952 |
|
|
|0 0
|1 0
|2 ddc
|4 0
|6 305_409549200000000_BEG
|7 0
|9 58832
|a SCL
|b SCL
|c GEN
|d 2016-04-23
|g 162.00
|l 1
|o 305.4095492 BEG
|p 3020008257
|r 2024-06-10
|s 2024-06-01
|t 2
|w 2016-04-23
|y BK
|